Cajita de sorpresas : (Registro nro. 12381)

Detalles MARC
000 -CABECERA
campo de control de longitud fija 01212nam a22003137a 4500
003 - IDENTIFICADOR DEL NÚMERO DE CONTROL
campo de control DO-SdBPM
005 - FECHA Y HORA DE LA ÚLTIMA TRANSACCIÓN
campo de control 20260226131157.0
008 - DATOS DE LONGITUD FIJA--INFORMACIÓN GENERAL
campo de control de longitud fija 161209b 1982 sp a 00| 0 spa d
020 ## - NÚMERO INTERNACIONAL ESTÁNDAR DEL LIBRO
Número Internacional Estándar del Libro 8477640238 (obra completa)
040 ## - FUENTE DE LA CATALOGACIÓN
Centro catalogador/agencia de origen BPMSU
Lengua de catalogación spa
Centro/agencia transcriptor BPMSU
082 04 - NÚMERO DE LA CLASIFICACIÓN DECIMAL DEWEY
Número de clasificación 796.1
Número de documento/Ítem C139s 1982
Número de edición 22
245 00 - MENCIÓN DE TÍTULO
Título Cajita de sorpresas :
Resto del título expresiones para los más chiquitos /
Mención de responsabilidad, etc. credacción y colaboración editorial Martha Lucía Ghiglioni ... [et al.] ; editor Jaime Rovira.
264 ## - PRODUCCIÓN, PUBLICACIÓN, DISTRIBUCIÓN, FABRICACIÓN Y COPYRIGHT
Producción, publicación, distribución, fabricación y copyright Barcelona, España :
Nombre del de productor, editor, distribuidor, fabricante Océano,
Fecha de producción, publicación, distribución, fabricación o copyright 1982.
300 ## - DESCRIPCIÓN FÍSICA
Extensión vs :
Otras características físicas ilustraciones,
Dimensiones 26 cm.
336 ## - TIPO DE CONTENIDO
Término de tipo de contenido texto
Código de tipo de contenido txt
Fuente rdacontent
337 ## - TIPO DE MEDIO
Nombre/término del tipo de medio sin mediación
Código del tipo de medio n
Fuente rdamedia
338 ## - TIPO DE SOPORTE
Nombre/término del tipo de soporte volumen
Código del tipo de soporte nc
Fuente rdacarrier
500 ## - NOTA GENERAL
Nota general Orientaciones para padres y maestros.
505 ## - NOTA DE CONTENIDO CON FORMATO
Nota de contenido con formato v. 1 ; Literatura infantil -- v. 2 : Dibujo y manualidades v. 3 : Juegos y pasatiempos -- v. 4 : El niño y su mundo.
590 ## - NOTA LOCAL (RLIN)
Nota local Inventariado 2026 / VM
650 #7 - PUNTO DE ACCESO ADICIONAL DE MATERIA--TÉRMINO DE MATERIA
Término de materia o nombre geográfico como elemento de entrada Juegos de recreación.
650 #7 - PUNTO DE ACCESO ADICIONAL DE MATERIA--TÉRMINO DE MATERIA
Término de materia o nombre geográfico como elemento de entrada Juegos educativos
650 #7 - PUNTO DE ACCESO ADICIONAL DE MATERIA--TÉRMINO DE MATERIA
Término de materia o nombre geográfico como elemento de entrada Juegos infantiles.
650 #7 - PUNTO DE ACCESO ADICIONAL DE MATERIA--TÉRMINO DE MATERIA
Término de materia o nombre geográfico como elemento de entrada Juegos y pasatiempos
700 1# - PUNTO DE ACCESO ADICIONAL--NOMBRE DE PERSONA
Nombre de persona Ghiglioni, Martha Lucía.
700 1# - PUNTO DE ACCESO ADICIONAL--NOMBRE DE PERSONA
Nombre de persona Rovira Artola, Jaime,
Término indicativo de función/relación editor.
910 ## - DATOS DE OPCIÓN DEL USUARIO (OCLC)
Datos de opción del usuario VMateo V, Control de calidad. BPMSU
942 ## - ELEMENTOS DE PUNTO DE ACCESO ADICIONAL (KOHA)
Fuente del sistema de clasificación o colocación Dewey Decimal Classification
Tipo de ítem Koha Libros
Existencias
Estado de retiro Estado de pérdida Fuente del sistema de clasificación o colocación No para préstamo Código de colección Localización permanente Ubicación/localización actual Fecha de adquisición Fuente de adquisición Total de préstamos Signatura topográfica completa Código de barras Fecha visto por última vez Número de copia Precio válido a partir de Tipo de ítem Koha Coste, precio de reemplazo
    Dewey Decimal Classification   Colección Infantil General Biblioteca Pública Metropolitana Salomé Ureña Biblioteca Pública Metropolitana Salomé Ureña 12/09/2016 COMPRA   BPMSU CGI 796.1 C139s 1982 BPMSU16120243 12/09/2016 v. 1 12/09/2016 Libros  
    Dewey Decimal Classification   Colección Infantil General Biblioteca Pública Metropolitana Salomé Ureña Biblioteca Pública Metropolitana Salomé Ureña 12/09/2016 COMPRA   BPMSU CGI 796.1 C139s 1982 BPMSU16120244 12/09/2016 v. 1, e.2 12/09/2016 Libros  
    Dewey Decimal Classification   Colección Infantil General Biblioteca Pública Metropolitana Salomé Ureña Biblioteca Pública Metropolitana Salomé Ureña 12/09/2016 COMPRA   BPMSU CGI 796.1 C139s 1982 BPMSU16120245 12/09/2016 v.1, e.3 12/09/2016 Libros  
    Dewey Decimal Classification   Colección Infantil General Biblioteca Pública Metropolitana Salomé Ureña Biblioteca Pública Metropolitana Salomé Ureña 12/09/2016 COMPRA   BPMSU CGI 796.1 C139s 1982 BPMSU16120246 12/09/2016 v.2 12/09/2016 Libros  
    Dewey Decimal Classification   Colección Infantil General Biblioteca Pública Metropolitana Salomé Ureña Biblioteca Pública Metropolitana Salomé Ureña 12/09/2016 COMPRA   BPMSU CGI 796.1 C139s 1982 BPMSU16120247 12/09/2016 v.2, e.2 12/09/2016 Libros 0.00
    Dewey Decimal Classification   Colección Infantil General Biblioteca Pública Metropolitana Salomé Ureña Biblioteca Pública Metropolitana Salomé Ureña 12/09/2016 COMPRA   BPMSU CGI 796.1 C139s 1982 BPMSU16120248 12/09/2016 v. 2, e. 3 12/09/2016 Libros  
    Dewey Decimal Classification   Colección Infantil General Biblioteca Pública Metropolitana Salomé Ureña Biblioteca Pública Metropolitana Salomé Ureña 12/09/2016 COMPRA   BPMSU CGI 796.1 C139s 1982 BPMSU16120249 12/09/2016 v. 3 12/09/2016 Libros  
    Dewey Decimal Classification   Colección Infantil General Biblioteca Pública Metropolitana Salomé Ureña Biblioteca Pública Metropolitana Salomé Ureña 12/09/2016 COMPRA   BPMSU CGI 796.1 C139s 1982 BPMSU16120250 12/09/2016 v. 3, e.2 12/09/2016 Libros  
    Dewey Decimal Classification   Colección Infantil General Biblioteca Pública Metropolitana Salomé Ureña Biblioteca Pública Metropolitana Salomé Ureña 12/09/2016 COMPRA   BPMSU CGI 796.1 C139s 1982 BPMSU16120251 12/09/2016 v. 3, e. 3 12/09/2016 Libros  
    Dewey Decimal Classification   Colección Infantil General Biblioteca Pública Metropolitana Salomé Ureña Biblioteca Pública Metropolitana Salomé Ureña 12/09/2016 COMPRA   BPMSU CGI 796.1 C139s 1982 BPMSU16120252 12/09/2016 v. 4 12/09/2016 Libros  
    Dewey Decimal Classification   Colección Infantil General Biblioteca Pública Metropolitana Salomé Ureña Biblioteca Pública Metropolitana Salomé Ureña 12/09/2016 COMPRA   BPMSU CGI 796.1 C139s 1982 BPMSU16120253 12/09/2016 v.4, e.2 12/09/2016 Libros  
    Dewey Decimal Classification   Colección Infantil General Biblioteca Pública Metropolitana Salomé Ureña Biblioteca Pública Metropolitana Salomé Ureña 12/09/2016 COMPRA   BPMSU CGI 796.1 C139s 1982 BPMSU16120254 12/09/2016 v. 4, e.3 12/09/2016 Libros